Acreditación de instituciones autónomas de educación superior

সংরক্ষণ করুন:
গ্রন্থ-পঞ্জীর বিবরন
প্রধান লেখক: Persico Jiménez, María Cecilia (Author), Persico Jiménez, Pablo (Author)
বিন্যাস: গ্রন্থ
ভাষা:স্প্যানিশ
প্রকাশিত: Santiago CPU 1998
সংস্করন:1a. ed
বিষয়গুলি:
ট্যাগগুলো: ট্যাগ যুক্ত করুন
কোনো ট্যাগ নেই, প্রথমজন হিসাবে ট্যাগ করুন!

MARC

LEADER 00000cam a2200000 a 4500
001 UCG8973
003 CL-VaPUC
008 120120e19980000CL |||||||||||||||||spa|d
020 |a 9562290743 
082 0 4 |a 378.83  |b PER  |2 21 
100 0 |a Persico Jiménez, María Cecilia  |e author  |9 560284 
700 0 |a Persico Jiménez, Pablo  |e author  |9 560285 
245 1 0 |a Acreditación de instituciones autónomas de educación superior 
250 |a 1a. ed 
300 |a 112 p 
942 |c BK 
945 |d 20120120 00:00:00  |a cmena 
260 |a Santiago  |b CPU  |c 1998 
650 0 |a Educación superior   |9 223851 
650 0 |a Universidades  |9 256317 
650 0 |a Evaluación de la educación   |9 237505 
650 0 |a Acreditación  |9 523171 
651 7 |a CHILE  |2 CL-VaPUC  |9 560286 
583 |a last modification  |c 20120120 10:38:00  |k Rodrigo Vera 
999 |c 346558  |d 346556 
952 |0 0  |1 0  |4 0  |6 378_830000000000000_PER_1998  |7 0  |8 ED_SUP  |9 447296  |a BIBGIM  |b BIBGIM  |c S_PSTGRDO  |d 2019-11-22  |i 4836138  |o 378.83 PER 1998  |p 4836138  |r 2025-01-15  |w 2019-11-22  |y BK_X  |k ESU